<?xml version="1.0" encoding="UTF-8"?>
<record
    xmlns:xsi="http://www.w3.org/2001/XMLSchema-instance"
    xsi:schemaLocation="http://www.loc.gov/MARC21/slim http://www.loc.gov/standards/marcxml/schema/MARC21slim.xsd"
    xmlns="http://www.loc.gov/MARC21/slim">

  <leader>01815nam a2200241 i 4500</leader>
  <controlfield tag="001">43795</controlfield>
  <controlfield tag="003">ES-MaACL</controlfield>
  <controlfield tag="005">20251113180109.0</controlfield>
  <controlfield tag="007">t|</controlfield>
  <controlfield tag="008">030318s1841    sp           ||||1| spa d</controlfield>
  <datafield tag="245" ind1="0" ind2="0">
    <subfield code="a">Causas formadas a consecuencia de la sedici&#xF3;n militar que tuvo lugar en esta corte en la noche del 7 de octubre de 1841 / </subfield>
    <subfield code="c">publicadas por Don Nemesio Fern&#xE1;ndez Cuesta, Don Francisco de P. Madrazo y Don Juan P&#xE9;rez Calvo, taqu&#xED;grafos... del Senado.</subfield>
  </datafield>
  <datafield tag="260" ind1=" " ind2=" ">
    <subfield code="a">Madrid : </subfield>
    <subfield code="b">[s.n.], </subfield>
    <subfield code="c">1841 (</subfield>
    <subfield code="f">Imp. de la Compa&#xF1;&#xED;a General de Impresores y Libreros)</subfield>
  </datafield>
  <datafield tag="300" ind1=" " ind2=" ">
    <subfield code="a">1 v. ; </subfield>
    <subfield code="c">19 cm.</subfield>
  </datafield>
  <datafield tag="505" ind1="8" ind2=" ">
    <subfield code="a">Contiene: Causa de los generales D. Diego Le&#xF3;n y D. Manuel de la Concha. Defensa del teniente general D. Diego de Le&#xF3;n, por D. Federico de Roncali. Causa del brigadier de infanter&#xED;a Fernando Norzagoray. Causa del brigadier Gregorio Quiroga y del conde de Requena. Sumarias en averiguaci&#xF3;n de la conducta que observaron varios sugetos [sic] en la citada noche. Causa de varios gefes [sic] y oficiales del Regimiento de Infanter&#xED;a de la Princesa. Causa del teniente coronel D. D&#xE1;maso Fulgosio y del coronel D. Jos&#xE9; Fulgosio. Causa del comandante Jos&#xE9; Mar&#xED;a Marques&#xED;. Causa del brigadier Pezuela, de Garz&#xF3;n S&#xE1;nchez Torres, del coronel C&#xF3;rdoba y del duque de San Carlos. Apuntes sobre los &#xFA;ltimos momentos de D. Manuel Montes de Oca</subfield>
  </datafield>
  <datafield tag="530" ind1=" " ind2=" ">
    <subfield code="a">Disponible en formato digital.</subfield>
  </datafield>
  <datafield tag="650" ind1=" " ind2=" ">
    <subfield code="a">Procesos-</subfield>
    <subfield code="z">Espa&#xF1;a.</subfield>
    <subfield code="9">157314</subfield>
  </datafield>
  <datafield tag="700" ind1="1" ind2=" ">
    <subfield code="a">Fern&#xE1;ndez Cuesta, Nemesio, </subfield>
    <subfield code="d">1818-1893</subfield>
    <subfield code="9">49614</subfield>
  </datafield>
  <datafield tag="700" ind1="1" ind2=" ">
    <subfield code="a">Madrazo, Francisco de Paula.</subfield>
    <subfield code="9">75338</subfield>
  </datafield>
  <datafield tag="700" ind1="1" ind2=" ">
    <subfield code="a">P&#xE9;rez Calvo, Juan, </subfield>
    <subfield code="d">m.1870</subfield>
    <subfield code="9">90698</subfield>
  </datafield>
  <datafield tag="852" ind1=" " ind2=" ">
    <subfield code="a">ES-MaACL</subfield>
    <subfield code="j">D-892</subfield>
  </datafield>
  <datafield tag="856" ind1=" " ind2=" ">
    <subfield code="u">http://bibliotecavirtual.asturias.es/i18n/consulta/registro.cmd?id=3940</subfield>
    <subfield code="z">Biblioteca Virtual del Principado de Asturias</subfield>
  </datafield>
  <datafield tag="999" ind1=" " ind2=" ">
    <subfield code="c">43795</subfield>
    <subfield code="d">43795</subfield>
  </datafield>
  <datafield tag="952" ind1=" " ind2=" ">
    <subfield code="0">0</subfield>
    <subfield code="1">0</subfield>
    <subfield code="4">0</subfield>
    <subfield code="7">0</subfield>
    <subfield code="8">Colecci&#xF3;n_digital</subfield>
    <subfield code="a">ATENEOM</subfield>
    <subfield code="b">ATENEOM</subfield>
    <subfield code="c">SVI</subfield>
    <subfield code="d">2008-01-17</subfield>
    <subfield code="e">SC</subfield>
    <subfield code="l">0</subfield>
    <subfield code="o">D-892</subfield>
    <subfield code="p">901046099</subfield>
    <subfield code="r">2023-02-23 00:00:00</subfield>
    <subfield code="w">2023-02-23</subfield>
    <subfield code="y">MONANT</subfield>
  </datafield>
</record>
